LEADER 00894nam0-22003131i-450- 001 990000459870403321 005 20081112095446.0 010 $a0-444-85208-5 035 $a000045987 035 $aFED01000045987 035 $a(Aleph)000045987FED01 035 $a000045987 100 $a20020821d1978----km-y0itay50------ba 101 0 $aeng 105 $aa-------001yy 200 1 $aComputer networks and simulation$fedited by S. Schoemaker 210 $aAmsterdam$cNorth-Holland$d©1978 215 $a256 p.$cill.$d24 cm 610 0 $aReti di computer 610 0 $aSimulazione al computer digitale 676 $a004.19 700 1$aSchoemaker,$bSteven G. J. L.$0339682 801 0$aIT$bUNINA$gRICA$2UNIMARC 901 $aBK 912 $a990000459870403321 952 $a10 I 27$b1619 CCE$fDINEL 959 $aDINEL 996 $aComputer networks and simulation$9334700 997 $aUNINA LEADER 01345nam0-2200409---450- 001 990000368600203316 005 20090323115934.0 010 $a3-428-09089-6 035 $a0036860 035 $aUSA010036860 035 $a(ALEPH)000036860USA01 035 $a0036860 100 $a20010321d1997----||ita|0103 ba 101 $ager 102 $aDE 105 $a|||| ||||| 200 1 $aEine Wissenschaft vom Menschen$eMax Weber und die begrundung der sozialökonomik in der deutschsprachigen Ökonomie 1871 bis 1914$fvon Heino Heinrich Nau 210 $aBerlin$cDuncker & Humblot$dcopyr. 1997 215 $a402 p.$d24 cm 225 $aSozialwissenschaftliche Schriften$v35 410 1$12001$aSozialwissenschaftliche Schriften$v35 606 $aWeber, Max 676 $a301.092 700 1$aNAU,$bHeino Heinrich$0543883 801 0$aIT$bUNFI$c19980923 912 $a990000368600203316 951 $a301 NAU 1 (ISP IV 893)$b156675 L.M.$cISP IV$d00071038 959 $aBK 969 $aCO 979 $aTAMI$b40$c20010321$lUSA01$h1643 979 $aTAMI$b40$c20010321$lUSA01$h1645 979 $aTAMI$b40$c20010321$lUSA01$h1649 979 $c20020403$lUSA01$h1644 979 $aPATRY$b90$c20040406$lUSA01$h1625 979 $aRSIAV1$b90$c20090323$lUSA01$h1159 996 $aEine Wissenschaft vom Menschen$9877357 997 $aUNISA LEADER 01137nam0-22003731i-450- 001 990005477010203316 005 20010829120000.0 035 $a000547701 035 $aUSA01000547701 035 $a(ALEPH)000547701USA01 035 $a000547701 100 $a20010829d1901-------|0enac50------ba 101 $aeng 102 $aGB 105 $a|||| ||||| 200 1 $aComputer intensive statistical methods$evalidation model selection and bootstr ap$fJ. S. Urban Hjorth 210 $aLondon$cChapman & Hall$d1984 215 $a263 p.$cgraf. e tab.$d22 cm. 606 $aStatistica$xMetodi$2FI 620 $dLondon 676 $a519.5$cStatistica matematica$v21 700 1$aHJORTH,$bUrban J. S.$0613865 712 $aChampan & Hall 801 $aIT$bSOL$c20120104 912 $a990005477010203316 950 $aDIP.TO SCIENZE ECONOMICHE - (SA)$dDS 500 519.5 HJO$ecn414 DISES 951 $a500 519.5 HJO$b14 DISES 959 $aBK 969 $aDISES 979 $c20121027$lUSA01$h1532 979 $c20121027$lUSA01$h1613 996 $aComputer intensive statistical methods$91128521 997 $aUNISA NUM $aUSA8044